Developmental genetics (Record no. 23610)

MARC details
000 -LEADER
fixed length control field 00442nam a2200157Ia 4500
082 ## - DEWEY DECIMAL CLASSIFICATION NUMBER
Classification number 575
Item number MAR
100 ## - MAIN ENTRY--AUTHOR NAME
Personal name MARKERT, Clement L
245 #0 - TITLE STATEMENT
Title Developmental genetics
260 ## - PUBLICATION, DISTRIBUTION, ETC. (IMPRINT)
Place of publication New Delhi
Name of publisher Prentice Hall
Year of publication 1974
490 ## - SERIES STATEMENT
Series statement Foundations of developmental biology series
650 ## - SUBJECT ADDED ENTRY--TOPICAL TERM
Topical Term Genetics
650 ## - SUBJECT ADDED ENTRY--TOPICAL TERM
Topical Term Nucleo cytoplasmic interaction
700 ## - ADDED ENTRY--PERSONAL NAME
Personal name URSPRUNG, Heinrich
942 ## - ADDED ENTRY ELEMENTS (KOHA)
Koha item type Books
Holdings
Withdrawn status Lost status Damaged status Not for loan Home library Current library Date acquired Full call number Accession Number Koha item type
        RRII Library RRII Library 16/12/2021 575 MAR 04308 Books